Catálogo
 En Linea

Nuevo jalón del AGN : (Registro nro. 58464)

Detalles MARC
000 -CABECERA
campo de control de longitud fija 02085nab a2200253 a 4500
005 - FECHA Y HORA DE LA ÚLTIMA TRANSACCIÓN
campo de control 20250318145652.0
007 - CAMPO FIJO DE DESCRIPCIÓN FÍSICA--INFORMACIÓN GENERAL
campo de control de longitud fija ta
008 - DATOS DE LONGITUD FIJA--INFORMACIÓN GENERAL
campo de control de longitud fija 250318e2015 dr mn|p|r||||||0| | spa d
040 ## - FUENTE DE LA CATALOGACIÓN
Centro catalogador/agencia de origen DO-SdBNP
Centro/agencia transcriptor spa
Centro/agencia modificador BNPHU
Normas de descripción rda
041 ## - CÓDIGO DE LENGUA
Código de lengua original spa
100 1# - ENTRADA PRINCIPAL--NOMBRE DE PERSONA
Nombre de persona Cassá, Roberto,
Fechas asociadas al nombre 1948-
9 (RLIN) 10888
Término indicativo de función/relación autor
245 ## - MENCIÓN DE TÍTULO
Título Nuevo jalón del AGN :
Resto del título apertura del Centro Regional Sur en San Juan de la Maguana /
Mención de responsabilidad, etc. Roberto Cassá.
264 ## - PRODUCCIÓN, PUBLICACIÓN, DISTRIBUCIÓN, FABRICACIÓN Y COPYRIGHT
Producción, publicación, distribución, fabricación y copyright Santo Domingo, República Dominicana :
Nombre del de productor, editor, distribuidor, fabricante Clodomiro Moquete,
Fecha de producción, publicación, distribución, fabricación o copyright 2015.
300 ## - DESCRIPCIÓN FÍSICA
Extensión páginas 44-47 :
Otras características físicas ilustraciones, fotografías ;
Dimensiones 26.5 cm.
310 ## - PERIODICIDAD ACTUAL
Periodicidad actual Mensual.
336 ## - TIPO DE CONTENIDO
Término de tipo de contenido texto
Código de tipo de contenido txt
Fuente rdacontent
337 ## - TIPO DE MEDIO
Nombre/término del tipo de medio sin mediación
Código del tipo de medio n
Fuente rdamedia
338 ## - TIPO DE SOPORTE
Nombre/término del tipo de soporte volumen
Código del tipo de soporte nc
Fuente rdacarrier
362 ## - FECHAS DE PUBLICACIÓN Y/O DESIGNACIÓN SECUENCIAL
Fecha de publicación y/o designación secuencial Año.22: no. 94 (feb. 2015).
521 ## - NOTA DE PÚBLICO DESTINATARIO
Nota de público destinatario Un hecho cultural de extraordinaria importancia y nuevo hito en la gestión histórica de Roberto Cassá al frente del Archivo General de la Nación, AGN; la inauguración en pocos días del Centro Regional Sur, con asiento en San Juan de la Maguana. El Archivo General de la Nación, AGN, tiene carácter histórico, como es lógico. Su enorme contenido está dedicado a la recreación y a la necesidad presente de la población, y todo ese cuerpo de material y espiritual tiene nueva vocación insólita y sorprende que camina con la gestión de Roberto Cassá: la animación cultural. Es oportuna y trascendente la iniciativa oficial con el establecimiento de una dependencia del Archivo General de la Nación. Definitivamente, con ello se inicia en San Juan la puesta en valor de gran parte de su riqueza histórica del Suroeste en todos los ámbitos del quehacer regional. Es también, a mi manera de ver, oportunidad para reafirmar la identidad de los pueblos de la provincia tan cargada de historia; recogida en documentos que pudieran estar perdiéndose en los archivos del tiempo.
610 #0 - PUNTO DE ACCESO ADICIONAL DE MATERIA--NOMBRE DE ENTIDAD CORPORATIVA
Nombre de entidad corporativa o nombre de jurisdicción como elemento de entrada Archivo General de la Nación (AGN)
9 (RLIN) 86500
Subdivisión de forma Publicación periódica
Subdivisión geográfica San Juan de la Maguana, República Dominicana
773 0# - ENLACE AL DOCUMENTO FUENTE/ENTRADA DE REGISTRO ANFITRIÓN
Número bibliográfico anfitrión 37028
Número de ítem anfitrión 284149
Otro identificador del documento 37538-22-94-3
Título Vetas :
Número de control del registro (DO-SdBNP)000037538
942 ## - ELEMENTOS DE PUNTO DE ACCESO ADICIONAL (KOHA)
Fuente del sistema de clasificación o colocación Dewey Decimal Classification
Tipo de ítem Koha Publicación periódica

No hay ítems disponibles.

Con tecnología Koha